000
00483nam a2200145Ia 4500
008
151213s9999 xx 000 0 und d
100
_a
রাজিয়া হোসাইন।
245
_a
আমার কবিতা।
_c
রাজিয়া হোসাইন।
260
_a
ঢাকা।
_b
ঝিঙেফুল
_c
2009
300
_a
8707 p.
650
_a
Bangla
650
_a
কবিতা।
700
_a
রাজিয়া হোসাইন।
999
_c
4493
_d
4493